Estatísticas para Capitais da Europa com um mapa

Clique aqui para jogar o quiz

Estatísticas Gerais

  • Esse quiz foi jogado 662 vezes
  • A pontuação média é 34 de 45

Respostas no mapa

Respostas codificadas por cores de uma escala verde-vermelha no mapa do quiz de acordo com a % correta abaixo.
 

Estatísticas das Respostas

Capital% Correto
Roma
99%
Lisboa
98%
Madri
98%
Paris
98%
Londres
96%
Berlim
95%
Atenas
93%
Dublin
91%
Kiev
91%
Moscou
91%
Oslo
90%
Amsterdã
89%
Vaticano
88%
Bruxelas
87%
Luxemburgo
84%
Varsovia
84%
Estocolmo
83%
Viena
83%
Copenhaga
82%
San Marino
82%
Helsínque
81%
Monaco
81%
Berna
80%
Andorra-a-Velha
76%
Budapeste
75%
Praga
75%
Bucareste
74%
Sofia
74%
Minsk
73%
Zagreb
73%
Reykjavik
63%
Tirana
63%
Sarajevo
62%
Belgrado
60%
Riga
60%
Tallinn
59%
Vilnius
57%
Vaduz
56%
Valeta
56%
Liubliana
55%
Bratislava
54%
Pristina
50%
Chișinău
48%
Escópia
47%
Podgorica
45%

Distribuição das Pontuações

Percentil de Números Respondidos

Porcentagem de Pessoas com Cada Pontuação

Sua Pontuação Histórica

Você não jogou esse quiz